000 00905nam0a22002291 4500
001 rc\866485
005 20250622023304.0
035 _a(NLR Aleph) 006045421
090 _a4748677
_c4748677
100 _a20041129d1983 |||y0rusy50 ca
101 0 _arus
102 _aRU
105 _ay |||||||||
200 1 _aСтруктура среднегорной подготовки баскетболистов высокой квалификации
_e(Метод. рекомедации)
_fКом. по физ. культуре и спорту при Совете Министров СССР, ВНИИ физ. культуры
_g[Разраб. к. п. н. В.Г. Луничкиным и др.]
210 _aМ.
_cБ. и.
_d1983
215 _a10 с.
_d20
333 _aДСП. Экз. № 290
801 0 _aRU
_bNLR
_gpsbo
801 1 _aRU
_bELAR
_2rusmarc
852 _aNLR
_j83-50К/3849
942 _cBOOK
980 _aNB